| 000 | 01252nam a2200313 i 4500 | ||
|---|---|---|---|
| 001 | 196809 | ||
| 003 | ES-MaACL | ||
| 005 | 20260216183929.0 | ||
| 008 | 241212b2024 sp ||||| |||| 00| 0 spa d | ||
| 017 |
_aCC 000226-2024 _bOficina Depósito Legal Cáceres |
||
| 020 | _a9788412919264 | ||
| 040 |
_bspa _cES-MaACL |
||
| 100 | 1 |
_aRamos Rubio, José Antonio, _d1963- _eaut _9174430 |
|
| 245 |
_aAntonio González y González : _bEstadista Liberal y Diplomático / _cJosé Antonio Ramos Rubio y José Luis Pérez Mena. |
||
| 260 |
_aCáceres : _bTau editores, _c2024. |
||
| 264 | _a©2024 | ||
| 300 |
_a121 páginas ; _c23 cm |
||
| 336 |
_2rdacontent _atexto |
||
| 337 |
_2rdamedia _asin mediación |
||
| 338 |
_2rdacarrier _avolumen |
||
| 600 | 4 |
_aGonzález y González, Antonio, _d1792-1876 _9241426 |
|
| 651 | 7 |
_9142005 _aEspaña- _xHistoria- _yS.XIX |
|
| 852 |
_aES-MaACL _cDEPOJ _jN-10237 _hDonación:José Antonio Ramos Rubio _xEncuadernación rústica con solapas _9206363 |
||
| 903 |
_aRamos Rubio, José Antonio, _d1963- _ednr _9174430 |
||
| 942 |
_cMONOGRAFIA _n0 |
||
| 999 |
_c196809 _d196809 |
||